LEADER 01387nam a2200325 u 4500 001 000000025674 003 CaOOAMICUS 005 20070226111505.0 008 951016s1993 it u000 u ita u 035 $a10659142 040 $aEE$bita 041 1 $aita$hlat 100 1 $aOvidius Naso, Publius,$d43 a.C.-17/18 d. C.$0(OLS)http://pul/name/4714 240 10$aArs amatoria.$lItaliano e latino.$0(OLS)http://pul/title/35355 245 12$aL'arte di amare /$cOvidio ; a cura di Emilio Pianezzola. 250 $a2. ed. 260 $a[Roma] :$bFondazione Lorenzo Valla ;$a[Milano] :$bMondadori,$c1993. 300 $alxvi, 437 p. ;$c21 cm 490 1 $aScrittori greci e latini 700 1 $aPianezzola, Emilio.$0(OLS)http://pul/name/21259 710 2 $aFondazione Lorenzo Valla.$0(OLS)http://pul/name/7842 830 0$aScrittori greci e latini.$0(OLS)http://pul/title/27127 850 $aPUL 852 $aPUL$W1$xDP1 Cons. Gen., Altre Classi 1$y22$m705 M 40$j35869$nBK-PRI$b $qStampati$B35869$CPULBib$Z2$F35869 $H $81 900 $aOvidio Nasone, Publio,$d43 a.C.-17/18 d.C.$94714 941 1 $a8 961 $aINV: 81668 996 $6245$aL'arte di amare$9(OLS)http://pul/title/35356 996 $6260$a[Roma] :$bFondazione Lorenzo Valla$9(OLS)http://pul/publisher/51886 996 $6260$a[Milano] :$bMondadori$9(OLS)http://pul/publisher/58970 LEADER 01260nam a2200265 u 4500 001 000000042281 003 CaOOAMICUS 005 20070226114316.0 008 990224s1688 gw u000 u lat u 035 $a10815325 040 $aPUL(R)$bita 130 0 $aCorpus iuris civilis.$0(OLS)http://pul/title/21481 245 10$aCodicis Dn. Iustiniani sacratissimi principis PP. Aug. repetitae praelectionis libri XII /$cnotis Dionysi Gothofredi Jc. illustrati. 250 $aPostrema editio prioribus auctior et emendatior. 260 $aFrancofurti ad Moenum :$bimprimebat Balthas. Christoph. Wust.,$c1688. 300 $a1 v. (varie sequenze) ;$c27 cm 500 $aContiene indici. 500 $aTesto su due colonne. 700 1 $aGodefroy, Denis,$d1549-1621.$0(OLS)http://pul/name/6719 850 $aPUL 852 $aPUL$W1$xDP1 Antico 600$y25$m185 A 8$j57179$nBK-PRI$b $qStampati Antico$B57179$CPULBib$Z2$F57179 $H $81 941 1 $a15 961 $aINV: Ex Bibliotheca Carusi. 996 $6245$aCodicis Dn. Iustiniani sacratissimi principis PP. Aug. repetitae praelectionis libri XII$9(OLS)http://pul/title/57038 996 $6260$aFrancofurti ad Moenum :$bimprimebat Balthas. Christoph. Wust.$9(OLS)http://pul/publisher/64825